00480nam a2200181 a 450000100060000000300090000600800410001502000180005604000280007408200170010210000160011924500520013526000230018730000100021065000110022065000340023165000330026523300CO-ViMGA141112s2004 ck r 000 u spa d a9789681343217 aCO-ViMGAbspacCO-ViMGA04a658.85 M153v1 aMandino, Og10aEl vendedor mas grande del mundo / cOg Mandino aMéxico : bDiana a123p.14aEXITO 14aPREDICCION DEL EXITO LABORAL 14aVENDEDORES Y ARTE DE VENDER